000 00384nam a2200145 i 4500
001 bg
100 1 _aBZOWSKI, Tadeusz
245 0 _aMateriały do ćwiczeń rachunkowych i projektowania urządzeń telewizyjnych /
_cTadeusz Bzowski.
260 _aWarszawa,
_c1964.
040 _cBPK
041 _apol
080 _a621.397
942 _cKS
008 s pl f |000 0 pol
999 _c7522
_d7522
856 _uhttp://koha.tu.koszalin.pl/cgi-bin/koha/opac-detail.pl?biblionumber=7522
_yKatalog online BPK